[Event "2000-2400 Leisure RR"]
[Site "SchemingMind.com"]
[Date "2013.01.07"]
[Round "-"]
[White "smothered mate"]
[Black "Ezedoke"]
[Result "0-1"]
[WhiteCountry "POL"]
[BlackCountry "ARG"]
[WhiteElo "1946"]
[WhiteRD "65"]
[BlackElo "2406"]
[BlackRD "76"]
[GameID "324323"]

1. e4 c5 2. Nf3 Nc6 3. d4 cxd4 4. Nxd4 Nf6 5. Nc3 e5 6. Ndb5 d6 7. a4 a6 8. Na3 Bg4 9. f3 Be6 10. Bc4 Rc8
11. Be3 Ne7 12. Bd5 Rxc3 13. bxc3 Nexd5 14. exd5 Nxd5 15. Bd2 Qh4+ 16. g3 Qxa4 17. O-O Be7 18. c4 Nb6 19. Rb1 Qc6 20. Be3 Bd8
21. Bxb6 Bxb6+ 22. Kg2 Bc5 23. Qd3 h5 24. h4 g5 25. hxg5 Rg8 26. Qh7 Rxg5 27. Qh6 Rf5 28. Rb3 e4 29. g4 exf3+ 30. Kg3 Qe4
31. Qh8+ Ke7 32. Rxb7+ Bd7 33. Qg7 Qf4+ 34. Kh3 hxg4+ 35. Kh4 Qh2+ 36. Kxg4 Rf4+
0-1

[Event "2000-2400 Leisure RR"]
[Site "SchemingMind.com"]
[Date "2013.01.02"]
[Round "-"]
[White "rookie31"]
[Black "Ezedoke"]
[Result "0-1"]
[WhiteCountry "IND"]
[BlackCountry "ARG"]
[WhiteElo "2178"]
[WhiteRD "60"]
[BlackElo "2215"]
[BlackRD "72"]
[GameID "324324"]

1. d4 d5 2. c4 c6 3. Nf3 Nf6 4. Qb3 dxc4 5. Qxc4 Bf5 6. Nc3 e6 7. Qb3 Qb6 8. Qxb6 axb6 9. Bg5 Nbd7 10. Nh4 b5
11. Nxf5 exf5 12. Bd2 b4 13. Nd1 Ne4 14. e3 Nxd2 15. Kxd2 Be7 16. Bd3 g6 17. g3 O-O 18. Bf1 c5 19. Bg2 Rfd8 20. Bxb7 Ra7
21. Bg2 Bf6
0-1

[Event "2000-2400 Leisure RR"]
[Site "SchemingMind.com"]
[Date "2013.01.02"]
[Round "-"]
[White "NYNH"]
[Black "Ezedoke"]
[Result "0-1"]
[WhiteCountry "USA"]
[BlackCountry "ARG"]
[WhiteElo "2045"]
[WhiteRD "63"]
[BlackElo "2215"]
[BlackRD "72"]
[GameID "324325"]

1. d4 d5 2. Nf3 Nf6 3. c4 c6 4. cxd5 cxd5 5. Nc3 Nc6 6. Bf4 Bf5 7. Rc1 e6 8. e3 Bd6 9. Bg5 h6 10. Bh4 Qb6
11. Qb3 Qxb3 12. axb3 a6 13. Be2 Ne4 14. O-O g5 15. Bg3 Nxg3 16. hxg3 Nb4 17. Rfd1 Bc2 18. Re1 g4 19. Ne5 Bxe5 20. dxe5 Bxb3
21. Rf1 h5 22. Nb1 b5 23. Nd2 Bc4 24. Bxc4 dxc4 25. Ne4 Nd3 26. Rc2 Nxe5 27. Ra1 h4 28. gxh4 Rxh4 29. Nd6+ Ke7 30. Nxb5 Nf3+
31. Kf1 Rh1+ 32. Ke2 Rxa1 33. Nc7 Re1#
0-1

[Event "2000-2400 Leisure RR"]
[Site "SchemingMind.com"]
[Date "2013.01.02"]
[Round "-"]
[White "kibic"]
[Black "Ezedoke"]
[Result "1/2-1/2"]
[WhiteCountry "INT"]
[BlackCountry "ARG"]
[WhiteElo "2343"]
[WhiteRD "63"]
[BlackElo "2305"]
[BlackRD "63"]
[GameID "324326"]

1. Nf3 d5 2. c4 d4 3. b4 Nf6 4. g3 Qd6 5. Na3 e5 6. Qa4+ Bd7 7. Nb5 Qc6 8. d3 Qb6 9. Rb1 a5 10. bxa5 Rxa5
11. Qb3 Bd6 12. Bg2 O-O 13. O-O Bxb5 14. cxb5 Nbd7 15. Nd2 Nc5 16. Qc2 Rxb5 17. Ba3 Nfd7 18. Nc4 Qa6 19. Rxb5 Qxb5 20. Rb1 Qa6
21. Bxc5 Nxc5 22. Nxe5 Bxe5 23. Qxc5 Qxa2 24. Rxb7 Qa1+ 25. Bf1 Bd6 26. Qa7 Qxa7=
1/2-1/2

[Event "2000-2400 Leisure RR"]
[Site "SchemingMind.com"]
[Date "2013.01.03"]
[Round "-"]
[White "Adrian Grajczak"]
[Black "Ezedoke"]
[Result "1/2-1/2"]
[WhiteCountry "POL"]
[BlackCountry "ARG"]
[WhiteElo "2110"]
[WhiteRD "72"]
[BlackElo "2390"]
[BlackRD "71"]
[GameID "324327"]

1. e4 c5 2. Nf3 Nc6 3. d4 cxd4 4. Nxd4 Nf6 5. Nc3 e5 6. Ndb5 d6 7. Bg5 a6 8. Na3 b5 9. Nd5 Be7 10. Bxf6 Bxf6
11. c3 Rb8 12. Nc2 O-O 13. Be2 Bg5 14. O-O a5 15. Qd3 Ne7 16. Nce3 Nxd5 17. Nxd5 Be6 18. Rad1 Kh8 19. b3 h6 20. h3 Qd7
21. Qg3 Qc6 22. c4 bxc4 23. Bxc4 a4 24. h4 Bd8 25. f4 exf4 26. Rxf4 Qc5+ 27. Kh1 Re8=
1/2-1/2

[Event "2000-2400 Leisure RR"]
[Site "SchemingMind.com"]
[Date "2013.01.05"]
[Round "-"]
[White "GBEDARD"]
[Black "Ilang"]
[Result "1/2-1/2"]
[WhiteCountry "USA"]
[BlackCountry "HUN"]
[WhiteElo "2216"]
[WhiteRD "81"]
[BlackElo "2368"]
[BlackRD "66"]
[GameID "324509"]

1. e4 c5 2. Nf3 d6 3. d4 cxd4 4. Nxd4 Nf6 5. Nc3 a6 6. Bd3 e6 7. f4 Qc7 8. Nf3 Nbd7 9. O-O Be7 10. Qe2 b5
11. e5 dxe5 12. fxe5 Ng4 13. Bf4 Bb7 14. a4 b4 15. Ne4 Ngxe5 16. Nxe5 Nxe5 17. Kh1 O-O 18. Rae1 f6 19. Ng5 fxg5 20. Bxe5 Qc6
21. Rg1 g6 22. Qg4 Qd7 23. h4 b3 24. h5 Bf6 25. hxg6 Bxe5 26. Rxe5 Rf4 27. gxh7+ Kh8 28. Qxg5 Qd4 29. Kh2 bxc2 30. Bxc2 Qf2
31. Bf5 Rxf5 32. Rxf5 Qxf5 33. Qxf5 exf5 34. Kg3 Kxh7 35. Kf4 Bc6 36. Kxf5 Bxa4 37. Ra1 Bb5 38. g4 Rf8+ 39. Kg5 Rd8 40. Rc1 Rd4
41. Rc7+ Kg8 42. b3 Be2 43. Rc8+ Kf7 44. Rc2 Bxg4 45. Rf2+ Ke7 46. Rf4 Rxf4= 47. Kxf4 Be6 48. b4=
1/2-1/2

[Event "2000-2400 Leisure RR"]
[Site "SchemingMind.com"]
[Date "2013.01.05"]
[Round "-"]
[White "GBEDARD"]
[Black "Buckaroo Bob"]
[Result "0-1"]
[WhiteCountry "USA"]
[BlackCountry "USA"]
[WhiteElo "2202"]
[WhiteRD "63"]
[BlackElo "2288"]
[BlackRD "70"]
[GameID "324511"]

1. e4 c5 2. Nf3 d6 3. d4 cxd4 4. Nxd4 Nf6 5. Nc3 a6 6. Be3 Ng4 7. Bg5 h6 8. Bh4 g5 9. Bg3 Bg7 10. Be2 h5
11. Bxg4 hxg4 12. Nd5 Nc6 13. Nf5 Bxb2 14. Rb1 Ba3 15. Nb6 Bxf5 16. exf5 Rb8 17. O-O Bc5 18. Nd5 Ne5 19. c4 f6 20. Bxe5 dxe5
21. Qxg4 Kf7 22. Qf3 Qa5 23. Nc3 Kg7 24. Ne4 Bd4 25. Qe2 Qc7 26. Rb3 Rh4 27. h3 Qc6 28. Nd2 Bc5 29. Re1 Rd8 30. Nf3 Rxc4
31. Nh2 b5 32. Nf1 Qd7 33. Ng3 Qd2 34. Rb2 Qxe2 35. Rexe2 Rdd4 36. Rec2 Kf7 37. Rxc4 Rxc4 38. Kf1 Rc1+ 39. Ke2 Ba3 40. Rd2 Bb4
41. Rb2 Bc3 42. Rb3 Bd4 43. Ne4 Rc2+ 44. Kd1 Rxa2 45. Ke1 Ke8 46. g3 Kd7 47. Rd3 a5 48. Rd1 b4 49. h4 gxh4 50. gxh4 Ra3
51. Nc5+ Ke8 52. Ne6 Rh3 53. f4 Rxh4 54. Ke2 b3 55. Kd3 Rh3+ 56. Kd2 a4 57. fxe5 fxe5 58. Nc7+ Kd7 59. Nb5 Kc6 60. Nxd4+ exd4
61. Kc1 a3 62. Kb1 d3 63. Ka1 d2
0-1

[Event "2000-2400 Leisure RR"]
[Site "SchemingMind.com"]
[Date "2013.01.08"]
[Round "-"]
[White "GBEDARD"]
[Black "smothered mate"]
[Result "1-0"]
[WhiteCountry "USA"]
[BlackCountry "POL"]
[WhiteElo "2279"]
[WhiteRD "67"]
[BlackElo "1979"]
[BlackRD "59"]
[GameID "324512"]

1. e4 c5 2. Nf3 d6 3. d4 cxd4 4. Nxd4 Nf6 5. Nc3 g6 6. Be3 Bg7 7. f3 a6 8. Bc4 Nbd7 9. Qd2 b5 10. Bb3 Bb7
11. a4 b4 12. Nd1 a5 13. c3 Nc5 14. Bc4 Ba6 15. Bb5+ Bxb5 16. axb5 b3 17. Nc6 Qb6 18. c4 a4 19. Nc3 a3 20. Rxa3 Rxa3
21. bxa3 O-O 22. e5 Nfd7 23. Nd5
1-0

[Event "2000-2400 Leisure RR"]
[Site "SchemingMind.com"]
[Date "2013.01.06"]
[Round "-"]
[White "GBEDARD"]
[Black "rookie31"]
[Result "1-0"]
[WhiteCountry "USA"]
[BlackCountry "IND"]
[WhiteElo "2216"]
[WhiteRD "81"]
[BlackElo "2178"]
[BlackRD "60"]
[GameID "324513"]

1. e4 c6 2. d4 d5 3. Nc3 dxe4 4. Nxe4 Bf5 5. Ng3 Bg6 6. h4 h6 7. Nf3 e6 8. Ne5 Bh7 9. Bd3 Bxd3 10. Qxd3 Nd7
11. Bf4 Nxe5 12. Bxe5 Nf6 13. c3 Qd5 14. O-O Be7 15. c4 Qd7 16. Qf3 Rd8 17. Rad1 O-O 18. Rfe1 b5 19. b3 Ne8 20. h5 Bb4
21. Rf1 Nd6 22. d5 exd5 23. cxd5 c5 24. Bxd6 Qxd6 25. Nf5 Qf6 26. d6 Kh8 27. d7
1-0

[Event "2000-2400 Leisure RR"]
[Site "SchemingMind.com"]
[Date "2013.01.05"]
[Round "-"]
[White "GBEDARD"]
[Black "NYNH"]
[Result "1-0"]
[WhiteCountry "USA"]
[BlackCountry "USA"]
[WhiteElo "2216"]
[WhiteRD "81"]
[BlackElo "2045"]
[BlackRD "63"]
[GameID "324514"]

1. e4 e6 2. d4 d5 3. Nc3 Nf6 4. e5 Nfd7 5. f4 c5 6. Nf3 Nc6 7. Be3 Qa5 8. a3 c4 9. Be2 b5 10. O-O Ne7
11. Ng5 Nf5 12. Bf2 Be7 13. Bg4 Bxg5 14. fxg5 Bb7 15. Bxf5 exf5 16. Qf3 g6 17. Nxd5 Kf8 18. Qc3 Qd8 19. Qb4+ Kg7 20. Qxb5 Rb8
21. Nf6 Bxg2 22. Qxd7 Bxf1 23. d5 Bh3 24. Bd4 Qxd7 25. Nxd7 Rhd8 26. e6+ Kg8 27. Nf6+ Kf8 28. Bc5+ Kg7 29. e7 Re8 30. d6 f4
31. Bd4 h6 32. Nxe8+ Kh7 33. Nf6+ Kh8 34. d7
1-0

[Event "2000-2400 Leisure RR"]
[Site "SchemingMind.com"]
[Date "2013.01.05"]
[Round "-"]
[White "GBEDARD"]
[Black "kibic"]
[Result "1/2-1/2"]
[WhiteCountry "USA"]
[BlackCountry "INT"]
[WhiteElo "2269"]
[WhiteRD "71"]
[BlackElo "2336"]
[BlackRD "62"]
[GameID "324515"]

1. e4 e5 2. Nf3 Nf6 3. d4 d5 4. Nxe5 Nxe4 5. Bd3 Nd7 6. Nxd7 Bxd7 7. O-O Nf6 8. Re1+ Be7 9. Bf4 O-O 10. Bxc7 Qxc7
11. Rxe7 Rae8 12. Rxe8 Rxe8 13. Nd2 Qb6 14. Nb3 Bb5 15. c3 Bc4 16. Rb1 Qc7 17. Bxc4 Qxc4 18. Qf1 Qa4 19. Nc5 Qxa2 20. Nxb7 Re2
21. Nc5 Rxb2 22. Ra1 Qc4 23. Rxa7 g6 24. Ra3 Ng4 25. h3 Qxf1+ 26. Kxf1 Nxf2 27. Na4 Rc2 28. Nb6 Ne4 29. Nxd5 h5 30. h4 Ng3+
31. Kg1 Nf5 32. Nb4 Rc1+ 33. Kh2 Nxh4 34. g4 hxg4 35. Kg3 g5 36. Kxg4 Rg1+ 37. Kh5 Nf5 38. Nd5 Ng7+ 39. Kh6 Rh1+ 40. Kxg5 Rh5+
41. Kf6 Kf8 42. Ra8+ Ne8+ 43. Rxe8+ Kxe8 44. c4 Rh1 45. c5 Rf1+ 46. Ke5 Kd7 47. Nb4 Rb1 48. Nd3=
1/2-1/2

[Event "2000-2400 Leisure RR"]
[Site "SchemingMind.com"]
[Date "2013.01.07"]
[Round "-"]
[White "GBEDARD"]
[Black "Adrian Grajczak"]
[Result "0-1"]
[WhiteCountry "USA"]
[BlackCountry "POL"]
[WhiteElo "2146"]
[WhiteRD "73"]
[BlackElo "2149"]
[BlackRD "69"]
[GameID "324516"]

1. e4 c5 2. Nf3 d6 3. d4 cxd4 4. Nxd4 Nf6 5. Nc3 a6 6. Be3 e5 7. Nf3 Qc7 8. Be2 Be7 9. a4 O-O 10. O-O Nbd7
11. Nd2 Nc5 12. Nc4 Rb8 13. f3 b5 14. axb5 axb5 15. Na5 Bd7 16. Nb3 Rfd8 17. Qd2 b4 18. Nd5 Nxd5 19. exd5 Na4 20. Ra2 Rdc8
21. Bd3 Nb6 22. Rfa1 Nxd5 23. Ba7 Be6 24. Bxb8 Rxb8 25. Ra8 Rxa8 26. Rxa8+ Bd8 27. Kh1 g6 28. Ra1 Kg7 29. Na5 h6 30. Qe1 Be7
31. Nc4 b3 32. cxb3 Qb8 33. Bc2 Nb4 34. Bd1 Bf6 35. Qe3 d5 36. Qb6 Qxb6 37. Nxb6 Be7 38. Be2 Bd8 39. Ra4 Nc6 40. Bb5 Nd4
41. Rxd4 exd4 42. Na4 Be7 43. Bd3 Kf6 44. Kg1 Bd6 45. g3 h5 46. Kf2 g5 47. Ke2 h4 48. Ba6 hxg3 49. hxg3 Bxg3 50. Nc5 Bf5
51. b4 Ke7 52. Bd3 Bh3 53. b5 Bc7 54. b4 Kd6 55. Na4 Bd8 56. Kd2 Kc7 57. Nc5 Be7 58. Ke2 Kb6 59. Na4+ Ka7 60. Nc5 Bc8
61. Kd1 f5 62. Ke2 f4 63. Nb3 Bxb4 64. Nxd4 Kb6 65. Bg6 g4 66. fxg4 Bxg4+ 67. Kf1 Bc5 68. Bf5 Bxf5 69. Nxf5 f3 70. Nh6 Be3
71. Ng4 d4 72. Ne5 f2 73. Ke2 Kxb5 74. Nd3 Kc4 75. Nb2+ Kb3 76. Nd3 Kc3 77. Ne5 Kc2 78. Nc6 d3+ 79. Kf1 d2
0-1

[Event "2000-2400 Leisure RR"]
[Site "SchemingMind.com"]
[Date "2013.01.05"]
[Round "-"]
[White "GBEDARD"]
[Black "Ezedoke"]
[Result "1/2-1/2"]
[WhiteCountry "USA"]
[BlackCountry "ARG"]
[WhiteElo "2216"]
[WhiteRD "81"]
[BlackElo "2215"]
[BlackRD "72"]
[GameID "324517"]

1. e4 c5 2. Nf3 Nc6 3. d4 cxd4 4. Nxd4 Nf6 5. Nc3 e5 6. Ndb5 d6 7. Bg5 a6 8. Na3 b5 9. Nd5 Be7 10. Bxf6 Bxf6
11. c3 Ne7 12. Nxf6+ gxf6 13. Bd3 d5 14. Nc2 Bb7 15. Qe2 dxe4 16. Bxe4 Bxe4 17. Qxe4 Qd5 18. Qxd5 Nxd5 19. O-O-O O-O-O 20. Ne3 Nxe3
21. fxe3 h5 22. Rhf1 Rh6=
1/2-1/2

[Event "2000-2400 Leisure RR"]
[Site "SchemingMind.com"]
[Date "2013.01.05"]
[Round "-"]
[White "Ilang"]
[Black "GBEDARD"]
[Result "1-0"]
[WhiteCountry "HUN"]
[BlackCountry "USA"]
[WhiteElo "2368"]
[WhiteRD "66"]
[BlackElo "2216"]
[BlackRD "81"]
[GameID "324518"]

1. d4 Nf6 2. c4 e6 3. Nc3 Bb4 4. Nf3 c5 5. g3 cxd4 6. Nxd4 O-O 7. Bg2 d5 8. cxd5 Nxd5 9. Qb3 Qa5 10. Bd2 Nc6
11. Nxc6 bxc6 12. O-O Bxc3 13. Bxc3 Nxc3 14. bxc3 Ba6 15. Qb4 Qe5 16. Rfe1 Rab8 17. Qa3 Rb6 18. Rad1 c5 19. Rd7 Bc4 20. Rxa7 Rfb8
21. Bf3 g5 22. Qc1 Qf5 23. Qe3 Bd5 24. g4 Qg6 25. Rd1 Bxf3 26. exf3 Rb2 27. Qxc5 Qf6 28. Rd3 Re2 29. a4 Rb1+ 30. Kg2 Rbb2
31. h3 e5 32. Ra8+ Kg7 33. Rh8 Rxf2+ 34. Kg1 Rg2+ 35. Kf1 Rgf2+ 36. Ke1 Rbe2+ 37. Kd1
1-0

[Event "2000-2400 Leisure RR"]
[Site "SchemingMind.com"]
[Date "2013.01.05"]
[Round "-"]
[White "Buckaroo Bob"]
[Black "GBEDARD"]
[Result "1-0"]
[WhiteCountry "USA"]
[BlackCountry "USA"]
[WhiteElo "2293"]
[WhiteRD "78"]
[BlackElo "2163"]
[BlackRD "70"]
[GameID "324520"]

1. c4 Nf6 2. Nc3 e5 3. Nf3 Nc6 4. g3 d5 5. cxd5 Nxd5 6. Bg2 Nb6 7. O-O Be7 8. a3 O-O 9. b4 Be6 10. Rb1 f6
11. d3 Nd4 12. Nd2 c6 13. Nde4 Bf7 14. e3 Ne6 15. Bh3 Nd5 16. Bb2 a6 17. Na4 b5 18. Nac5 Nxc5 19. Nxc5 Bxc5 20. bxc5 Qe7
21. Qc2 Rfd8 22. Bg2 Rac8 23. Rfd1 Bh5 24. Rd2 Nc7 25. Rc1 Bg6 26. a4 Kh8 27. Qd1 b4 28. a5 Qe6 29. d4 e4 30. Bf1 Rb8
31. Bc4 Qd7 32. h4 Bf5 33. Qc2 Re8 34. Qa4 Be6 35. Be2 b3 36. Bc3 Red8 37. Rb2 Rb7 38. Rcb1 Rdb8 39. Bd2 Bf7 40. Bd1 Qh3
41. Be2 Nb5 42. Rc1 Bd5 43. Bf1 Qf5 44. Bc4 Bxc4 45. Qxc4 Nc7 46. Rcb1 Qh5 47. Kf1 Qg4 48. Be1 Qe6 49. Qxe6 Nxe6 50. g4 Rb5
51. f3 exf3 52. Kf2 Nd8 53. Kxf3 Ne6 54. Ke4 Nf8 55. Kd3 Kg8 56. Kc4 Re8 57. Bf2 Rxa5 58. Rxb3 Re4 59. Rb6 Ra2 60. Kd3 Rxg4
61. Rxc6 Rxf2 62. Rc8 Ra2 63. c6 Ra3+ 64. Kc4 Ra2 65. Rc1 Rgg2 66. Rc3 Kf7 67. Rxf8+ Kxf8 68. c7 Kf7 69. c8=Q
1-0

[Event "2000-2400 Leisure RR"]
[Site "SchemingMind.com"]
[Date "2013.01.10"]
[Round "-"]
[White "smothered mate"]
[Black "GBEDARD"]
[Result "0-1"]
[WhiteCountry "POL"]
[BlackCountry "USA"]
[WhiteElo "1979"]
[WhiteRD "59"]
[BlackElo "2279"]
[BlackRD "67"]
[GameID "324521"]

1. e4 g6 2. f4 Bg7 3. Nf3 c5 4. d3 d6 5. Be2 Nf6 6. h3 O-O 7. O-O Nc6 8. Nc3 Be6 9. g4 Qb6 10. f5 Bd7
11. g5 Ne8 12. Nd5 Qd8 13. Nh4 e6 14. f6 exd5 15. fxg7 Nxg7 16. exd5 Nd4 17. c3 Nxe2+ 18. Qxe2 Bxh3 19. Rf6 Qd7 20. Nf3 Qg4+
21. Kh2 Nh5 22. Qf2 Nxf6 23. gxf6 Rfe8 24. Bd2 Qf5 25. Rg1 Bg4 26. Rg3 h5 27. Qg2 Qxd5
0-1

[Event "2000-2400 Leisure RR"]
[Site "SchemingMind.com"]
[Date "2013.01.10"]
[Round "-"]
[White "rookie31"]
[Black "GBEDARD"]
[Result "0-1"]
[WhiteCountry "IND"]
[BlackCountry "USA"]
[WhiteElo "2176"]
[WhiteRD "59"]
[BlackElo "2279"]
[BlackRD "67"]
[GameID "324522"]

1. d4 Nf6 2. c4 e6 3. Nf3 c5 4. d5 exd5 5. cxd5 d6 6. Nc3 g6 7. e4 Bg7 8. Bd3 O-O 9. O-O Bg4 10. h3 Bxf3
11. Qxf3 Nbd7 12. Bf4 Qe7 13. Qg3 Ne5 14. Be2 a6 15. a4 Rfe8 16. a5 Rac8 17. Rfd1 c4 18. Bxe5 Qxe5 19. Qxe5 Rxe5 20. f3 Nh5
21. Ra4 Nf4 22. Bf1 Re7 23. Kf2 g5 24. g3 Ng6 25. Bxc4 h5 26. Be2 Be5 27. Rb1 h4 28. gxh4 Nxh4 29. Rg1 f6 30. Rc1 Ng6
31. Na2 Rxc1 32. Nxc1 Bxb2 33. Nd3 Bc3 34. f4 Nxf4 35. Nxf4 gxf4 36. Kf3 Be5 37. h4 Rg7 38. Kf2 Bc3 39. Bf3 Kh7 40. Ra3 Bb4
41. Ra1 Kh6 42. Ra2 Rg6 43. Rb2 Bc5+ 44. Ke2 Rg7 45. Kd1 Rg3 46. Ke2 Rh3
0-1

[Event "2000-2400 Leisure RR"]
[Site "SchemingMind.com"]
[Date "2013.01.10"]
[Round "-"]
[White "NYNH"]
[Black "GBEDARD"]
[Result "0-1"]
[WhiteCountry "USA"]
[BlackCountry "USA"]
[WhiteElo "2052"]
[WhiteRD "64"]
[BlackElo "2260"]
[BlackRD "72"]
[GameID "324523"]

1. d4 Nf6 2. c4 e6 3. g3 c5 4. d5 exd5 5. cxd5 d6 6. Nf3 g6 7. Nc3 Bg7 8. Bg2 O-O 9. O-O Re8 10. Nd2 a6
11. a4 Nbd7 12. h3 Rb8 13. Nc4 Ne5 14. Na3 Nh5 15. e4 Bd7 16. a5 Qxa5 17. g4 Nf6 18. f4 Nexg4 19. hxg4 Nxg4 20. f5 Bd4+
21. Kh1 Nf2+ 22. Rxf2 Bxf2 23. Bg5 Qc7 24. Nc2 f6 25. Bxf6 Rf8 26. Bg5 gxf5 27. e5 Bg3 28. e6 Be8 29. Qf3 f4 30. Ne4 Qg7
31. Nxg3 Qxg5 32. Ne4 Qe5 33. Rf1 Bg6 34. Ne1 c4 35. Nc3 b5 36. Qf2 b4 37. Nf3 Qh5+
0-1

[Event "2000-2400 Leisure RR"]
[Site "SchemingMind.com"]
[Date "2013.01.10"]
[Round "-"]
[White "kibic"]
[Black "GBEDARD"]
[Result "1/2-1/2"]
[WhiteCountry "INT"]
[BlackCountry "USA"]
[WhiteElo "2336"]
[WhiteRD "62"]
[BlackElo "2269"]
[BlackRD "71"]
[GameID "324524"]

1. Nf3 Nf6 2. c4 e6 3. Nc3 d5 4. d4 Be7 5. e3 O-O 6. a3 b6 7. cxd5 exd5 8. Qc2 c5 9. Be2 Nc6 10. O-O Be6
11. dxc5 bxc5 12. Ng5 c4 13. Rd1 Qa5 14. Rb1 Rab8 15. h3 Rfd8 16. Nxe6 fxe6 17. b4 Qc7 18. g3 Bd6 19. f4 a5 20. b5 Ne7
21. Kh2 e5 22. Kg2 h6 23. Qb2 Qc8 24. b6 Qb7 25. Bf3 Kh8 26. Qb5 e4 27. Be2 Rdc8 28. Na4 Nf5 29. Bg4 c3 30. Nxc3 Nxe3+
31. Bxe3 Rxc3 32. Rb3 Rc2+ 33. Be2 Rbc8 34. Rb2 Rxb2 35. Qxb2 Bc5 36. Bxc5 Rxc5 37. Rb1 Nd7 38. Qb3 Kh7 39. Rb2 d4 40. Qf7 Qc6
41. b7 d3 42. Bg4 Rc2+ 43. Rxc2 Qxc2+=
1/2-1/2

[Event "2000-2400 Leisure RR"]
[Site "SchemingMind.com"]
[Date "2013.01.10"]
[Round "-"]
[White "Adrian Grajczak"]
[Black "GBEDARD"]
[Result "1-0"]
[WhiteCountry "POL"]
[BlackCountry "USA"]
[WhiteElo "2253"]
[WhiteRD "67"]
[BlackElo "2202"]
[BlackRD "63"]
[GameID "324525"]

1. d4 Nf6 2. c4 e6 3. g3 d5 4. Nf3 dxc4 5. Bg2 a6 6. O-O Nc6 7. e3 Bd7 8. Qe2 b5 9. b3 cxb3 10. axb3 Bd6
11. Bb2 O-O 12. Rc1 Nd5 13. Ne5 Nxe5 14. dxe5 Be7 15. Nc3 c6 16. Nxd5 cxd5 17. e4 Rc8 18. exd5 exd5 19. Rxa6 Rxc1+ 20. Bxc1 Qc8
21. Ra1 Bg4 22. Qd2 Rd8 23. Bb2 b4 24. Bd4 Be6 25. Bf1 Bf5 26. Bb6 Rf8 27. Qxd5 Be6 28. Qb5 Bxb3 29. Ra7 Re8 30. Bc7 Be6
31. Bd6 Bf8 32. Qxb4 Qc1 33. Bxf8 Bh3 34. Qc4 Qxc4 35. Bxc4 Rxf8 36. f4 h6 37. Kf2 g5 38. Ke3 Bf5 39. Kf3 gxf4 40. gxf4 Bg6
41. Kg4 Rc8 42. Ba2 Rc1 43. e6 fxe6 44. Bxe6+ Kf8 45. f5 Be8 46. Kf4 Rh1 47. Ke5 Rxh2 48. Kf6 Rg2 49. Rh7
1-0

[Event "2000-2400 Leisure RR"]
[Site "SchemingMind.com"]
[Date "2013.01.05"]
[Round "-"]
[White "Ezedoke"]
[Black "GBEDARD"]
[Result "1-0"]
[WhiteCountry "ARG"]
[BlackCountry "USA"]
[WhiteElo "2215"]
[WhiteRD "72"]
[BlackElo "2216"]
[BlackRD "81"]
[GameID "324526"]

1. e4 d6 2. d4 Nf6 3. f3 d5 4. e5 Nfd7 5. f4 e6 6. Be3 c5 7. c3 Be7 8. Nf3 O-O 9. Qd2 b6 10. Na3 Nc6
11. Bb5 cxd4 12. Nxd4 Nxd4 13. cxd4 a6 14. Bd3 b5 15. Nc2 f5 16. O-O-O Nb6 17. g4 fxg4 18. Qe2 Nc4 19. Qxg4 Rf7 20. Rhg1 Bf8
21. Qh5 g6 22. Bxg6 hxg6 23. Rxg6+ Bg7 24. Rdg1 Qc7 25. Rh6 Kf8 26. Rxg7 Rxg7 27. Rf6+ Ke7 28. Qh8 Rf7 29. Rxf7+
1-0